000 00396pab a2200169 454500
008 180718b2008 xxu||||| |||| 00| 0 eng d
100 _aChari, I.K.
245 _aAlternative systems of medicine - an overview
260 _c2008
300 _ap.55-58.
362 _aOct
650 _aHealth services
650 _aMedical sciences
773 _aKurukshetra
908 _aN
909 _a79950
999 _c79950
_d79950